| 000 | 00737nam a22001815i 4500 | ||
|---|---|---|---|
| 001 | 161452 | ||
| 003 | ES-MaACL | ||
| 005 | 20230906212303.0 | ||
| 008 | 950614s1897 sp a |||| | spa d | ||
| 040 |
_aCLM _bspa _cCCPB | SIC |
||
| 080 | _a821.134.2-31"18" | ||
| 100 | 1 |
_aParody, L. ( _d1844-1918) _989212 |
|
| 245 | 1 | 0 |
_aCongreso de los animales _b: lectura popular / _cpor Luis Parody... |
| 260 |
_aMadrid : _b[s.n.], _c1897 ( _fEstab. Tipográfico de los Hijos de R. Alvarez, a cargo de Arturo Menendez) |
||
| 300 |
_a359 p. : _bil. ; _c21 cm. |
||
| 852 |
_aES-MaACL _jG-13894 _z-- Enc. hol. |
||
| 856 |
_uhttp://bibliotecadigitalhispanica.bne.es:80/webclient/DeliveryManager?pid=1839358&custom_att_2=simple_viewer _zIr a la página |
||
| 999 |
_c161452 _d161452 |
||